| 000 | 00761nam a22002177a 4500 | ||
|---|---|---|---|
| 999 |
_c9590 _d9590 |
||
| 003 | AR-CdUCM | ||
| 008 | 190328b ||||| |||| 00| 0 spa d | ||
| 040 |
_aMUNICIPALIDAD PROVINCIAL DEL CUSCO _cBIBLIOTECA MUNICIPAL DEL CUSCO |
||
| 082 |
_aC / 869.56 / _bS171C |
||
| 100 |
_aSalas Gamarra, Jesús Armando _924683 |
||
| 245 | _aCuentos morados / | ||
| 260 |
_aCuzco : _bEdit. Cuzco, _c1957. |
||
| 300 |
_a103 páginas ; _c22 cm. |
||
| 500 | _aCon dedicatoria a Luis Nieto -- Donación de la familia Nieto | ||
| 505 | _aContenido: Maternario -- Pobre hombre -- Remendón -- Basural -- Humano metal -- ¡Soledad! -- Burro negro. | ||
| 650 |
_aPoesía _9444 |
||
| 650 |
_aLiteratura _9416 |
||
| 650 |
_aCusco _9772 |
||
| 942 |
_2ddc _cLIBROS |
||
| 945 | _admma | ||